000 00278nam a22001097a 4500
008 170111b xxu||||| |||| 00| 0 eng d
020 _a9780323028646
041 _aeng
080 _27TH
_a618.2
245 _aGUIDE TO NURSING MANAGEMENT AND LEADERSHIP
_cTOMEY, A.M
942 _2udc
_cBK
999 _c2686
_d2686